00581pab a2200169 454500008004000000100001900040245009900059260000900158300001500167650003500182650002000217650002200237773001700259909001100276999001900287952010500306180718b2017 xxu||||| |||| 00| 0 eng d aPrashant Kumar aGlobal warming and climatic sensitivity: a case study of Uttarakhand state of Indian Himalaya  c2017 ap.589-607. aCase studies - Climatic change aClimatic change aGreenhouse effect aMan in India a115820 c115814d115814 00104070aIIPAbIIPAd2018-07-19hVolume no: 97, Issue no: 2pAR116280r2018-07-19w2018-07-19yAR